Normal view
MARC view
Entry Personal Name
001 - CONTROL NUMBER
- control field: 16052
003 - CONTROL NUMBER IDENTIFIER
- control field: dpl
005 - DATE AND TIME OF LATEST TRANSACTION
- control field: 20100821163841.0
008 - FIXED-LENGTH DATA ELEMENTS
- fixed length control field: 100821|||a|||||| | ||| d
040 ## - CATALOGING SOURCE
- Original cataloging agency: dpl
- Transcribing agency: dpl
100 ## - HEADING--PERSONAL NAME
- Personal name: पठाण, जयनुल्लाखान
670 ## - SOURCE DATA FOUND
- Source citation: Work cat.: (dpl)34765: पठाण, जयनुल्लाखान, हरिकृष्ण 'प्रेमी' के नाटकों में मुस्लिम पात्रों का चरित्र-चित्रण /, 2009
670 ## - SOURCE DATA FOUND
- Source citation: Work cat.: (dpl)34765: पठाण, जयनुल्लाखान, हरिकृष्ण 'प्रेमी' के नाटकों में मुस्लिम पात्रों का चरित्र-चित्रण /, 2009
